Регионална библиотека "Любен Каравелов" - Русе

Автобиографични страници (Запис номер 342780)

MARC детайли
000 -Лидер
Контролно поле с фиксирана дължина 02233nam a2200373 a 4500
003 - Код на организацията, давaща контролен номер
Контролно поле BLK
005 - Дата и час на последна редакция
Контролно поле 20240623004014.0
008 - Елементи от данни с фиксирана дължина
fixed length control field 180911b bul|||||r ||||||| ||bul||
010 ## - Наследен системен номер
LC control number 002438
040 ## - Източник на каталожния запис
Идентификатор на билиотеката - собственик на записа BLK
041 ## - Код за език
Код за езика на текст/звукозапис или на отделно заглавие Български
Код за езика КДБФ Български
080 ## - УДК
Текстов определител УДК Българска литература
УДК код - определител по УДК 821.163.2
УДК определител (092)
УДК - код + определител 821.163.2(092)
080 ## - УДК
Текстов определител УДК Български писател, драматург, публицист и политик
УДК код - определител по УДК 929 Страшимиров, Антон Тодоров
УДК - код + определител 929 Страшимиров, Антон Тодоров
139 ## - Редно поле
Редна дума Страшимиров, Антон Тодоров
245 10 - Сведения за заглавието
Заглавие Автобиографични страници
Подзаглавни данни Творчество и живот
260 ## - Област на издателските данни
Място на издаване, разпространение и проч. София
Име на издателя, разпространителя и проч. К-т за чествуване 60-год. юбилей на Антон Страшимиров
Година на издаване 1931
Печатница (София : Художник)
300 ## - Физическа характеристика
Страници 80 с., 1 л
Илюстрации и др. портр.
Размери/Мащаб 18 см
380 ## - Жанр
Жанр Литературознание
490 ## - СЕРИИ (Колекции)
Име на серия Частна колекция - Академик Михаил Арнаудов
Бележки за серията Дарение - Основен фонд
500 ## - Общи забележки
Забележка Датиране на книгата : май 1931, Бълг. мисъл, 6. (инв.Х 589347)Подчертавания в текста (инв.Х 589347)"За Качаловска крамола и за мирогледа" : вж. студията на Страшимир в Сборника Влайков (инв.Х 589347);
520 ## - Забележка за наличие на резюме, анотация и т.н
Анотация, рецензия, сканиран текст Датиране на книгата : май 1931, Бълг. мисъл, 6. инв.Х 589347Подчертавания в текста инв.Х 589347"За Качаловска крамола и за мирогледа" : вж. студията на Страшимир в Сборника Влайков инв.Х 589347
650 #0 - Допълнително описание по предмет – тема
Основно описание – тема или топоним Писатели, български - биографии
9 (RLIN) 243085
653 #7 - Ключова дума – ненормативна
Ключова дума мемоари
9 (RLIN) 190834
653 ## - Ключова дума – ненормативна
Ключова дума биографии
655 ## - Ключова дума – жанр/разновидност
Данни за жанр/разновидност или ключова дума за фокус българско литературознание
852 ## - Местоположение
Форматна сигнатура МА 1986
Фондова буква Фонд "Михаил Арнаудов"
852 ## - Местоположение
Форматна сигнатура Цб 8.175.7966
Фондова буква Хранилище
999 ## - СИСТЕМНИ КОНТРОЛНИ НОМЕРА
Koha biblionumber 342780
Koha biblioitemnumber 342780
942 ## - АРТИКУЛИ
Вид на библиотечния материал Книги
Скрит в OPAC Не
Периодичен библиозапис Да
944 ## - СЪЗДАВАНЕ И РЕДАКЦИЯ на ЗАПИСА
Създаване/Редакция Създаване
Дата на регистрацията/редакция 1997
Служител, извършил регистрацията/редакцията
Статус, дата на статуса CRON CRON
944 ## - СЪЗДАВАНЕ И РЕДАКЦИЯ на ЗАПИСА
Създаване/Редакция Редакция
Дата на регистрацията/редакция 2021-06-28
Служител, извършил регистрацията/редакцията ГГГ
999 ## - СИСТЕМНИ КОНТРОЛНИ НОМЕРА
Koha biblioitemnumber 342780
999 ## - СИСТЕМНИ КОНТРОЛНИ НОМЕРА
Koha biblioitemnumber 342780
999 ## - СИСТЕМНИ КОНТРОЛНИ НОМЕРА
Koha biblioitemnumber 342780
Наличности
Код за отписване Код за изгубен артикул Източник на класификационната схема Код за повреда Коз за рестрикции Код за отдаване Артикулен № Име на библиотеката - собственик Име на библиотеката, в която се намира в момента Статус (Текущо местоположение) Местоположение - отдел Цена в лева Номерация (Хронология) Инвентарен номер Систематично азбучна сигнатура Баркод Номер на екземпляра Цена в евро Служебен тип на артикула Дата на вписване в системата
  Не е изгубен Universal Decimal Classification Не е повреден без рестрикции Специални фондове ( старопечатни, редки и ценни, фонд М. Арнаудов) 742914 Регионална библиотека "Любен Каравелов" Русе Регионална библиотека "Любен Каравелов" Русе Фонд "Михаил Арнаудов" Фонд "Михаил Арнаудов" 30.00   589347 МА 1986 120000589347 1 15.34 Книги  
  Не е изгубен Universal Decimal Classification Не е повреден без рестрикции ползва се в читалня 742915 Регионална библиотека "Любен Каравелов" Русе Регионална библиотека "Любен Каравелов" Русе Фонд "Михаил Арнаудов" Фонд "Михаил Арнаудов" 8.00   587659 МА 1986 120000587659 2 4.09 Книги  
  Не е изгубен Universal Decimal Classification Не е повреден без рестрикции ползва се в читалня 742916 Регионална библиотека "Любен Каравелов" Русе Регионална библиотека "Любен Каравелов" Русе Фонд "Михаил Арнаудов" Фонд "Михаил Арнаудов" 0.30   345092 МА 1986 120000345092 3 0.15 Книги  
  Не е изгубен Universal Decimal Classification Не е повреден без рестрикции ползва се в читалня 786540 Регионална библиотека "Любен Каравелов" Русе Регионална библиотека "Любен Каравелов" Русе Хранилище Хранилище 0.16   5504/58 Цб І 2121 900000023371   0.08 Книги 2020-07-28
  Не е изгубен Universal Decimal Classification Не е повреден само за читалня ползва се в читалня 839780 Регионална библиотека "Любен Каравелов" Русе Регионална библиотека "Любен Каравелов" Русе Хранилище Основен фонд - ползва се само за читалня 0.06   7966 Цб 8.175.7966 900000067644   0.03 Книги 2021-06-29
Vip Innovations Ltd, Rousse, Bulgaria 2025